[Event "GER-chT School WK 4"]
[Site "Playchess.com INT"]
[Date "2020.06.16"]
[Round "5.4"]
[White "Petrov, Sachar"]
[Black "Maedel, Jonas"]
[Result "1-0"]
[WhiteElo "1271"]
[BlackElo "1620"]
[PlyCount "95"]
[EventDate "2020.06.16"]
[EventType "team-swiss (blitz)"]
[EventRounds "5"]
[EventCountry "GER"]
[SourceTitle "EXT 2021"]
[Source "ChessBase"]
[SourceDate "2020.10.23"]
[SourceVersion "1"]
[SourceVersionDate "2020.10.23"]
[SourceQuality "1"]
[WhiteTeam "Ottweiler Gymn"]
[BlackTeam "Magdeburg Siemens Gymn"]
[WhiteTeamCountry "GER"]
[BlackTeamCountry "GER"]

1. e4 e5 2. Nf3 Nc6 3. Bb5 Nf6 4. Nc3 Bb4 5. 0-0 d6 6. a4 b6 7. Bxc6+ Ke7 8. Nd5+ Kf8 9. Ng5 Bg4 10. d3 Bxd1 11. Rxd1 Bc5 12. Ra3 Bxa3 13. bxa3 Rb8 14. Re1 a5 15. Re3 h6 16. Nc3 hxg5 17. Nb5 Ng4 18. Rg3 Nf6 19. Bxg5 Rh5 20. Na7 Nh7 21. Bxd8 Rxd8 22. Nb5 f6 23. Nxc7 Rc8 24. Ne6+ Ke7 25. Nxg7 Rh6 26. Be8 Rxe8 27. Nxe8 Kxe8 28. Rg7 Kf8 29. Rd7 Ke8 30. Rxd6 Ke7 31. Rxb6 Kf7 32. Rb5 Kg6 33. Rxa5 Kg5 34. Rb5 Kf4 35. a5 Rg6 36. a6 Rg7 37. Rb7 Rg6 38. a7 Rg8 39. Rb8 Nf8 40. a8Q Rg7 41. Rxf8 Kg5 42. Qd8 Kg6 43. Rxf6+ Kh7 44. Re6 Rf7 45. Rxe5 Rg7 46. Rh5+ Kg6 47. Rh8 Kf7 48. a4 1-0